5-Star Literary Characters II Quiz Stats

 Plays Quiz Updated Sep 24, 2016

Score 0/50 Timer 07:00
5 Plays Today
% Correct
Jay Gatsby
94.8%
Hermione Granger
90.7%
Ron Weasley
88.8%
Tom Sawyer
88.6%
Severus Snape
88.1%
Daisy Fay Buchanan
87.7%
Draco Malfoy
86.6%
Scarlett O'Hara
84.7%
Bella Swan
83.5%
Edward Cullen
82.3%
'Pap' Finn
79.5%
Nick Carraway
79.2%
Anne Shirley
79.1%
Rhett Butler
77.4%
Petunia Dursley
74.3%
Jacob Black
72.2%
Carlisle Cullen
69.3%
Jim
65.8%
Ponyboy Curtis
60.9%
Sodapop Curtis
59.1%
Mammy
57.3%
Amy Elliott Dunne
57%
Keith 'Two-Bit' Mathews
56.6%
George Ashley Wilkes
56.2%
Aunt Sally Phelps
56.1%
% Correct
Aureliano Segundo
55.6%
Dallas 'Dally' Winston
55.4%
Amaranta Úrsula
54.1%
Nick Dunne
52.1%
José Arcadio
51.6%
Sherri 'Cherry' Valance
49%
Myrtle Wilson
46.9%
Pilar Ternera
41.8%
Aunt Pittypat Hamilton
39.2%
Remedios the Beauty
37.6%
Gilbert Blythe
37.3%
Marilla Cuthbert
32.4%
Jake Barnes
32.1%
Meyer Wolfshiem
31.5%
Desi Collings
30.9%
Diana Barry
29.7%
Andie Hardy
28.6%
Lady Brett Ashley
26.7%
Bill Gorton
25.7%
Tanner Bolt
24.4%
Pedro Romero
23.8%
Jessica Stanley
23.4%
Josie Pye
23.3%
Robert Cohn
22.4%
Buck Grangerford
20.7%

You're not logged in!

Compare scores with friends on all Sporcle quizzes.
OR
Log In

Show Comments

Extras

Top Quizzes Today


Score Distribution

Your Account Isn't Verified!

In order to create a playlist on Sporcle, you need to verify the email address you used during registration. Go to your Sporcle Settings to finish the process.

Report this User

Report this user for behavior that violates our Community Guidelines.

Details: